Library Logo

Pioneer International University Library Catalogue

INTRODUCTORY STATISTICS FOR BUSINESS AND ECONOMICS/ (Record no. 9975)

MARC details
000 -LEADER
fixed length control field 00583nam a22001697a 4500
003 - CONTROL NUMBER IDENTIFIER
control field OSt
005 - DATE AND TIME OF LATEST TRANSACTION
control field 20260312113052.0
008 - FIXED-LENGTH DATA ELEMENTS--GENERAL INFORMATION
fixed length control field 260312b |||||||| |||| 00| 0 eng d
020 ## - INTERNATIONAL STANDARD BOOK NUMBER
International Standard Book Number 047195980
040 ## - CATALOGING SOURCE
Transcribing agency A WILEY / HAMILTON PUBLICATION
050 ## - LIBRARY OF CONGRESS CALL NUMBER
Classification number HA 29 .W622 1977
Item number .W622 1977
245 ## - TITLE STATEMENT
Title INTRODUCTORY STATISTICS FOR BUSINESS AND ECONOMICS/
Statement of responsibility, etc. Wonnacott , Thomas H.
250 ## - EDITION STATEMENT
Edition statement 2nd ed.
260 ## - PUBLICATION, DISTRIBUTION, ETC.
Place of publication, distribution, etc. London:
Name of publisher, distributor, etc. John Wiley and sons,
Date of publication, distribution, etc. 1977
300 ## - PHYSICAL DESCRIPTION
Extent xxii, 753 pages,
Other physical details hardcover, includes bibliographic index and references,
Dimensions ill. : col ,23.3 cm
942 ## - ADDED ENTRY ELEMENTS (KOHA)
Source of classification or shelving scheme Library of Congress Classification
Koha item type Books
Edition 2nd ed.
Suppress in OPAC No
Holdings
Withdrawn status Lost status Source of classification or shelving scheme Damaged status Not for loan Home library Current library Date acquired Total checkouts Full call number Barcode Date last seen Price effective from Koha item type
    Library of Congress Classification     PIU Library Main Library 03/12/2026   HA 29 .W622 1977 PIUDLMUR957 03/12/2026 03/12/2026 Books